1808 1259 1880 1076 1539 1542 1090 1154 1304 1471 1664 1953 1283 1298 1958 1658 1179 1818 1514 1781 1512 1310 1308 1833 1519 1501 1041 1752 1126 1273 1982 1851 1849 1219 1561 1416 1323 1675 1191 1242 1812 1894 1197 1178 1695 1409 1383 1837 1927 1595 1056 1561 1739 1010 1743 1641 1997 1408 1178 1519 1038 1549 1186 1654 1442 1601 1261 1879 1396 1930 1142 1694 1103 1333 1689 1155 1780 1149 1090 1078 1052 1032 1841 1312 1800 1376 1812 1080 1172 1197 1266 1589 1057 1011 1542 1682 1770 1908 1626 BCNSPRNW ULIB Ver.6.0+V

เปลี่ยนเป็นภาษาไทย

Change to English
 แสดงรายละเอียดบรรณานุกรม
  กลับหน้าหลัก

Brief Record : Get Marc (ISO 2709) : E-mail record : QR code < ปิดหน้าต่าง
LEADER : 00000nam 2200000uu 4500
001    13399124374
003     ULIB
008    150529s2555||||th 000 0 tha d
099    ^aวจ.WY159^bว384ก
100 0  ^aวัชรา สุขแท้
245 00 ^aการพัฒนาบทเรียน e-learning เรื่อง การพยาบาลทารกแรกเกิดปกติและคลอดก่อนกำหนดสำหรับนักศึกษาพยาบาลศาสตรบัณฑิต วิทยาลัยบรมราชชนนี สวรรค์ประชารักษ์ นครสวรรค์/^cวัชรา สุขแท้
246 0  ^a Creating of e-learning on Nursing care of Newborn and Premature baby patients, Bachelor of nursing Science programme, Boromarajonani,College of nursing, Sawanpracharak Nakhonsawan
260    ^aนครสวรรค์:^bวิทยาลัยบรมราชชนนี สวรรค์ประชารักษ์ นครสวรรค์,^c2555
300    ^a79 หน้า
650  0 ^aบทเรียน e-learningู^xวิจัย
650  0 ^aการพยาบาลทารกแรกเกิด^xวิจัย
650  0 ทารกแรกเกิดปกติ^xวิจัย
650  0 ทารกแรกเกิดคลอดก่อนกำหนด^xวิจัย
945    ^p0^l0^i039454
999    ^aเกษร โพธิ์สุวรรณ
รายการนี้ยังไม่มีแท็ก
คุณยังไม่ได้ล็อกอิน คุณสามารถมีกิจกรรมร่วมกับเว็บไซต์ได้ แต่ต้องล็อกอินก่อน ::
  ล็อกอิน

รายการสื่อสารสนเทศ

ลำดับที่ ประเภท เลขเรียก/บาร์โค้ด สถานที่ สถานะ
1. งานวิจัย
งานวิจัย
วจ.WY159 ว384ก ฉ.1 
  Barcode: 039454
ห้องสมุดวิทยาเขตสวรรค์ประชารักษ์
►วิจัย
บนชั้น

รายการใกล้เคียง
    ผู้แต่ง [วัชรา สุขแท้]

BibComment


ยังไม่เคยถูกคอมเมนท์

คอมเมนท์ทรัพยากรรายการนี้
  คอมเมนท์: การพัฒนาบทเรียน ..


 Copyright 2026. Bcnsprnw @Library